000 00441nam a2200157Ia 4500
008 230917s9999||||xx |||||||||||||| ||und||
020 _cPOU2.5
040 _e3561
_aMAIN
041 _aEnglish
082 _a320.942 H116L:Y
100 _aLynn, Jonathan, ed.
245 0 _aYes minister: The diaries of a cabinet minister by the at Hon James Hacker MP. 2V
260 _aLondon
_bBritish Broadcasting
_c1982
300 _a187 p.
942 _cBK
999 _c41721
_d41721